Business driven technology

Gespeichert in:
Bibliographische Detailangaben
1. Verfasser:  Baltzan, Paige
Format: Sách
Sprache:Undetermined
Veröffentlicht:  McGraw-Hill Irwin  2013
Schlagworte:
Tags: Tag hinzufügen
Keine Tags, Fügen Sie den ersten Tag hinzu!
Thư viện lưu trữ: Trung tâm Thư viện - Trường Đại học Công nghiệp TP. Hồ Chí Minh
LEADER 00509nam a2200157Ia 4500
001 UIH_05691
008 231011s9999 xx 000 0 und d
082 |a  658.4038 
100 |a  Baltzan, Paige 
245 0 |a  Business driven technology 
245 0 |c  Baltzan, Paige 
260 |b  McGraw-Hill Irwin 
260 |c  2013 
650 |a  Quản lý công nghiệp; Quản lý thông tin;  
927 |a Sách 
980 |a Trung tâm Thư viện - Trường Đại học Công nghiệp TP. Hồ Chí Minh